000 00836nam a2200241Ia 4500
008 130821s1998 xxu gr eng
020 _a015100353X
020 _a9780156011464
040 _aCo-BoUCM
_bspa
041 0 0 _aeng
100 1 _aSzymborska,Wislawa.
_92982
245 1 0 _aPoems New and Collected, 1957-1997
_cWislawa Szymborska ; traduccion de Stanislaw Baranczakl y Clare Cavnagh
260 _aOrlando (Florida, Estados Unidos)
_bHarcourt
_c1998
300 _axix, 273 páginas
500 _aIncluye índice
650 0 4 _aLiteratura europea
_926524
650 0 4 _aLiteratura polaca
_918726
650 0 4 _aPoesía polaca
_921844
700 1 _aBaranczakl,Stanislaw
_etrad.
_9168100
700 1 _aCavnagh,Clare
_etrad.
_9168101
942 _cLIBRO
_a18
_e1
_mS999p
_2DEWEY
_h891.857
_n0
999 _c71925
_d71925